000 01669nam a2200313 i 4500
003 OSt
005 20241224121001.0
008 241224t20222022tnu gr 000 f eng d
020 _a9780744307399
_qhardback
_cRM 182.62
040 _aPPAK
_beng
_cPPAK
_erda
082 0 4 _a813.6
_223
090 0 0 _a813.6
_bMUR
_dG
100 1 _aMurphy, K. L.
_q(Kellie Larsen Murphy),
_eauthor.
245 1 0 _aHER SISTER'S DEATH /
_cK. L. MURPHY.
264 1 _aBrentwood, Tennessee :
_bCamCat Publishing, LLC,
_c2022
264 4 _c©2022
300 _a336 pages ;
_c23 cm
336 _atext
_2rdacontent
337 _aunmediated
_2rdamedia
338 _avolume
_2rdacarrier
520 _aWhen her sister is found dead in a Baltimore hotel room, reporter Val Ritter's world is turned upside down. An empty pill bottle at the scene leads the police to believe the cause of death is suicide. With little more than her own conviction, Val teams up with Terry Martin, a retired detective who has his own personal interest in the case, to prove that something more sinister is possible. In 1921, Bridget Wallace, a guest on the brink of womanhood, is getting ready to marry an eligible older man. But what seems like a comfortable match soon takes a dark turn. Does the illustrious history of the stately Franklin hotel hide another, lesser known history of death?
650 1 0 _aWomen journalists
_vFiction.
650 2 0 _aSisters
_xDeath
_vFiction.
650 2 0 _aHotels
_vFiction.
651 0 _aBaltimore (Md.)
_vFiction.
651 0 _aBaltimore (Md.)
_xHistory
_y20th century
_vFiction.
655 7 _aDetective and mystery fiction.
_2lcgft
942 _2ddc
_cB
999 _c198122
_d198122